Les 20 clubs Français avec le plus grand palmarès. - Statistiques

Statistiques générales
  • Ce quiz a été pris 265 fois
  • Le résultat moyen est 17 sur 20
Statistiques - réponses
Trophées Clubs Précision % Correct
26 Marseille 1 Ligue des champions9 Ligue 1 10 Coupe de France 3 Coupe de la Ligue 3 Trophée des champions
100%
46 Paris 1 coupe des coupes11 Ligue 1 14 Coupe de France 9 Coupe de la Ligue 11 Trophée des champions
100%
21 Lyon 7 Ligue 15 Coupe de France 1 Coupe de la Ligue 8 Trophée des champions
99%
22 Saint-Etienne 10 Ligue 16 Coupe de France 1 Coupe de la Ligue 5 Trophée des champions
97%
16 Bordeaux 6 Ligue 14 Coupe de France 3 Coupe de la Ligue 3 Trophée des champions
96%
11 Lille 4 Ligue 16 Coupe de France 1 Trophée des champions
96%
15 Nantes 8 Ligue 14 Coupe de France 3 Trophée des champions
95%
18 Monaco 8 Ligue 15 Coupe de France 1 Coupe de la Ligue 4 Trophée des champions
93%
4 Rennes 3 Coupe de France1 Trophée des champions
93%
8 Nice 4 Ligue 13 Coupe de France 1 Trophée des champions
92%
2 Lens 1 Ligue 11 Coupe de la Ligue
89%
3 Montpellier 1 Ligue 12 Coupe de France
88%
12 Reims 6 Ligue 12 Coupe de France 4 Trophée des champions
87%
7 Strasbourg 1 Ligue 13 Coupe de France 3 Coupe de la Ligue
87%
5 Auxerre 1 Ligue 14 Coupe de France
78%
3 Metz 2 Coupe de France1 Coupe de la Ligue
70%
5 Sochaux 2 Ligue 12 Coupe de France 1 Coupe de la Ligue
68%
2 Guingamp 2 Coupe de France
50%
5 Red Star 5 Coupe de France
37%
4 Sete 2 Ligue 12 Coupe de France
37%
Aucun quiz correspondant
Distribution des résultats
% des personnes avec chaque résultat
Percentile par nombre de réponses
Votre historique - résultats
Vous n’avez pas pris ce quiz